000 00493nam a2200193Ia 4500
003 OSt
005 20221007083115.0
006 a|||||r|||| 00| 0
007 ta
008 221006b |||||||| |||| 00| 0 eng d
024 _a23,046
037 _cDissertations
040 _aFLL
_cFLL
_beng
041 _2eng
_aeng
100 _aNath Ram
_9700296
245 0 _aConcept of industry in the labour management relationship
942 _cDIS
_2CC
999 _c1168823
_d1168823